Communications

Contents: definitions, history, content, controversy, proposals,...

Αποθηκεύτηκε σε:
Λεπτομέρειες βιβλιογραφικής εγγραφής
Κύριος συγγραφέας: Williams, Raymond
Μορφή: Βιβλίο
Γλώσσα:Undetermined
Έκδοση: London Penguin Books 1962
Θέματα:
Ετικέτες: Προσθήκη ετικέτας
Δεν υπάρχουν, Καταχωρήστε ετικέτα πρώτοι!
Thư viện lưu trữ: Trung tâm Học liệu Trường Đại học Cần Thơ
LEADER 00551nam a2200193Ia 4500
001 CTU_218477
008 210402s9999 xx 000 0 und d
082 |a 621.382 
082 |b W726 
100 |a Williams, Raymond 
245 0 |a Communications 
245 0 |c Raymond Williams 
260 |a London 
260 |b Penguin Books 
260 |c 1962 
520 |a Contents: definitions, history, content, controversy, proposals,... 
650 |a Communication,Thông tin 
904 |i Trúc 
980 |a Trung tâm Học liệu Trường Đại học Cần Thơ